|
|
|
|
| LEADER |
05911nam a2200841 4500 |
| 001 |
ocn899114077 |
| 003 |
OCoLC |
| 005 |
20170124071244.7 |
| 006 |
m o d |
| 007 |
cr ||||||||||| |
| 008 |
141230s2015 enk ob 001 0 eng |
| 010 |
|
|
|a 2014049984
|
| 040 |
|
|
|a DLC
|b eng
|e rda
|e pn
|c DLC
|d DG1
|d N$T
|d CDX
|d OCLCO
|d EBLCP
|d E7B
|d COO
|d IDEBK
|d YDXCP
|d OCLCQ
|d OCLCO
|d DG1
|d GrThAP
|
| 019 |
|
|
|a 908080279
|
| 020 |
|
|
|a 9781118484845
|q (Adobe PDF)
|
| 020 |
|
|
|a 1118484843
|q (Adobe PDF)
|
| 020 |
|
|
|a 9781118484883
|q (ePub)
|
| 020 |
|
|
|a 1118484886
|q (ePub)
|
| 020 |
|
|
|a 9781118484852
|
| 020 |
|
|
|a 1118484851
|
| 020 |
|
|
|a 0470906251
|q (hbk.)
|
| 020 |
|
|
|a 9780470906255
|q (hbk.)
|
| 020 |
|
|
|z 9780470906255
|q (hardback)
|
| 029 |
1 |
|
|a DEBBG
|b BV042792533
|
| 035 |
|
|
|a (OCoLC)899114077
|z (OCoLC)908080279
|
| 042 |
|
|
|a pcc
|
| 050 |
0 |
0 |
|a RC847
|
| 060 |
1 |
0 |
|a WI 700
|
| 072 |
|
7 |
|a HEA
|x 039000
|2 bisacsh
|
| 072 |
|
7 |
|a MED
|x 014000
|2 bisacsh
|
| 072 |
|
7 |
|a MED
|x 022000
|2 bisacsh
|
| 072 |
|
7 |
|a MED
|x 112000
|2 bisacsh
|
| 072 |
|
7 |
|a MED
|x 045000
|2 bisacsh
|
| 082 |
0 |
0 |
|a 616.3/620757
|2 23
|
| 049 |
|
|
|a MAIN
|
| 245 |
0 |
0 |
|a Liver imaging :
|b MRI with CT correlation /
|c editors, Ersan Altun, Mohamed El-Azzazi, Richard C. Semelka.
|
| 264 |
|
1 |
|a Chicester, West Sussex, UK ;
|a Hoboken, NJ :
|b John Wiley & Sons Inc.,
|c 2015.
|
| 300 |
|
|
|a 1 online resource.
|
| 336 |
|
|
|a text
|b txt
|2 rdacontent
|
| 337 |
|
|
|a computer
|b c
|2 rdamedia
|
| 338 |
|
|
|a online resource
|b cr
|2 rdacarrier
|
| 490 |
1 |
|
|a Current clinical imaging series
|
| 504 |
|
|
|a Includes bibliographical references and index.
|
| 520 |
|
|
|a "This book provides a practical approach for imaging of focal and diffuse liver lesions based on state-of-the-art MR and CT imaging sequences, multidetector row CT images, 3D reformatted images, breath-hold MRI sequences, and cutting-edge MR 3T images where appropriate, concise but useful figure legends, relevant and systematic (differential) diagnostic information, the latest references to primary literature and clinical evidence, and patient management possibilities"--Provided by publisher.
|
| 588 |
0 |
|
|a Print version record and CIP data provided by publisher.
|
| 505 |
0 |
|
|a Cover; Title Page; Copyright; Contents; List of Contributors; Preface; Chapter 1 The Cross-Sectional Anatomy of the Liver and Normal Variations; Functional anatomy; References; Chapter 2 The Cross-Sectional Imaging Techniques and Diagnostic Approach; MR imaging techniques; CT imaging techniques; References; Chapter 3 Safety of MRI and CT; Toxicity of contrast agents; Medical radiation and cancer; References; Chapter 4 Cystic Diseases of the Liver; Developmental cystic lesions; Neoplastic cystic lesions; Inflammatory cystic lesions; Miscellaneous cystic lesions; References.
|
| 505 |
8 |
|
|a Chapter 5 Benign Solid Liver LesionsHemangiomas; Focal nodular hyperplasia (FNH); Hepatocellular adenomas; Liver adenomatosis; Peliosis hepatis; Angiomyolipoma and lipoma; Inflammatory myofibroblastic tumor (inflammatory pseudotumor); References; Chapter 6 Liver Metastases; Differential diagnosis; References; Chapter 7 Hepatocellular Carcinoma; References; Chapter 8 Rare Primary and Secondary Tumors of the Liver; Lymphoma; Multiple myeloma; Extramedullary hematopoiesis; Epithelioid hemangioendothelioma (EHE); Hepatoblastoma; Infantile hemangioendothelioma; Mesenchymal hamartoma.
|
| 505 |
8 |
|
|a Primary sarcomas of the liverAngiosarcoma; Undifferentiated (embryonal) sarcoma of the liver; References; Chapter 9 Cholangiocarcinoma; References; Chapter 10 Infectious Diseases of the Liver; Abscess; Hydatid disease; Tuberculosis; Acute viral hepatitis; Bacterial acute cholangitis; Recurrent pyogenic cholangitis; HIV-related cholangitis; References; Chapter 11 Chronic Hepatitis and Liver Cirrhosis; References; Chapter 12 Hepatic Fat and Iron Deposition; Fatty liver disease; Hepatic iron overload; References; Chapter 13 Inflammatory Liver Diseases; Primary sclerosing cholangitis (PSC).
|
| 505 |
8 |
|
|a Autoimmune hepatitis (AIH)Primary biliary cirrhosis (PBC); Overlap syndrome; Sarcoidosis; Acute toxic hepatitis; Wilson's Disease; Alpha-1-antitripsin deficiency; Radiation injury; References; Chapter 14 Vascular Disorders of the Liver; Transient hepatic enhancement differences; Portal venous thrombosis; Hepatic veno-occlusive disease; Hepatic arterial thrombosis/hepatic ischemia -- infarction; Vascular malformations/fistula/aneurysms; References; Chapter 15 Post-treatment Changes in the Liver; Surgical resection; Hepatic transplantation; Radiation therapy; Systemic chemotherapy.
|
| 505 |
8 |
|
|a Transcatheter arterial chemoembolizationAblative therapies; References; Chapter 16 Liver Trauma; References; Index; EULA.
|
| 650 |
|
0 |
|a Liver
|x Diseases
|x Magnetic resonance imaging.
|
| 650 |
|
0 |
|a Liver
|x Diseases
|x Tomography.
|
| 650 |
|
2 |
|a Liver Diseases
|x diagnosis.
|
| 650 |
|
2 |
|a Diagnosis, Differential.
|
| 650 |
|
2 |
|a Imaging, Three-Dimensional.
|
| 650 |
|
2 |
|a Magnetic Resonance Imaging.
|
| 650 |
|
2 |
|a Tomography, X-Ray Computed.
|
| 650 |
|
4 |
|a Liver
|x Imaging.
|
| 650 |
|
4 |
|a Liver
|x Magnetic resonance imaging.
|
| 650 |
|
4 |
|a Radiographic contrast media.
|
| 650 |
|
7 |
|a HEALTH & FITNESS
|x Diseases
|x General.
|2 bisacsh
|
| 650 |
|
7 |
|a MEDICAL
|x Clinical Medicine.
|2 bisacsh
|
| 650 |
|
7 |
|a MEDICAL
|x Diseases.
|2 bisacsh
|
| 650 |
|
7 |
|a MEDICAL
|x Evidence-Based Medicine.
|2 bisacsh
|
| 650 |
|
7 |
|a MEDICAL
|x Internal Medicine.
|2 bisacsh
|
| 655 |
|
4 |
|a Electronic books.
|
| 700 |
1 |
|
|a Altun, Ersan,
|d 1975-
|e editor.
|
| 700 |
1 |
|
|a El-Azzazi, Mohamed,
|e editor.
|
| 700 |
1 |
|
|a Semelka, Richard C.,
|e editor.
|
| 776 |
0 |
8 |
|i Print version:
|t Liver imaging.
|d Chicester, West Sussex, UK ; Hoboken, NJ : John Wiley & Sons Inc., 2015
|z 9780470906255
|w (DLC) 2014049427
|
| 830 |
|
0 |
|a Current clinical imaging.
|
| 856 |
4 |
0 |
|u https://doi.org/10.1002/9781118484852
|z Full Text via HEAL-Link
|
| 994 |
|
|
|a 92
|b DG1
|